Animal laws of India / (Record no. 17815)

MARC details
000 -LEADER
fixed length control field 00799nam a22002297a 4500
005 - DATE AND TIME OF LATEST TRANSACTION
control field 2008102004474.0
008 - FIXED-LENGTH DATA ELEMENTS--GENERAL INFORMATION
fixed length control field 081020t xxu||||| |||| 00| 0 eng d
010 ## - LIBRARY OF CONGRESS CONTROL NUMBER
LC control number ENG-84509
020 ## - INTERNATIONAL STANDARD BOOK NUMBER
International Standard Book Number 8175345284
020 ## - INTERNATIONAL STANDARD BOOK NUMBER
Terms of availability 995.00 (hb)
035 ## - SYSTEM CONTROL NUMBER
System control number EN-68042
082 ## - DEWEY DECIMAL CLASSIFICATION NUMBER
Classification number 345.0287 / GAN
100 ## - MAIN ENTRY--PERSONAL NAME
Personal name Gandhi, Meneka
245 ## - TITLE STATEMENT
Title Animal laws of India /
Statement of responsibility, etc by Maneka Gandhi, Ozair Husain and Raj Panjwani
260 ## - PUBLICATION, DISTRIBUTION, ETC. (IMPRINT)
Place of publication, distribution, etc New Delhi
Name of publisher, distributor, etc Universal Law Publishing
260 ## - PUBLICATION, DISTRIBUTION, ETC. (IMPRINT)
Date of publication, distribution, etc 2006
300 ## - PHYSICAL DESCRIPTION
Extent xxii,1238p
Dimensions 24.5cm
700 ## - ADDED ENTRY--PERSONAL NAME
Personal name Husain, Ozair
Titles and other words associated with a name jt auth
700 ## - ADDED ENTRY--PERSONAL NAME
Personal name Panjwani, Raj
Titles and other words associated with a name jt auth
942 ## - ADDED ENTRY ELEMENTS (KOHA)
Source of classification or shelving scheme Dewey Decimal Classification
Koha item type English Books
Classification part 345.0287
Call number suffix GAN
Holdings
Withdrawn status Lost status Source of classification or shelving scheme Damaged status Not for loan Home library Current library Date acquired Cost, normal purchase price Total Checkouts Full call number Barcode Date last seen Copy number Cost, replacement price Price effective from Koha item type
    Dewey Decimal Classification   Not For Loan D.B.Act.Division D.B.Act.Division 08/03/2007 995.00   345.0287 GAN EN-68042 04/11/2008 1 995.00 04/11/2008 English Books

© Delhi Public Library
Hit Counter
free hit counter